Images de la Révolution aux Antilles : (Registro nro. 2213)
[ vista simple ]
| 000 -CABECERA | |
|---|---|
| campo de control de longitud fija | 00771cam a2200193 a 4500 |
| 001 - NÚMERO DE CONTROL | |
| campo de control | 000002372 |
| 005 - FECHA Y HORA DE LA ÚLTIMA TRANSACCIÓN | |
| campo de control | 20200929150205.0 |
| 008 - DATOS DE LONGITUD FIJA--INFORMACIÓN GENERAL | |
| campo de control de longitud fija | 890825s1989 fr a c 000 0 fre |
| 020 ## - NÚMERO INTERNACIONAL ESTÁNDAR DEL LIBRO | |
| Número Internacional Estándar del Libro | 2900339278 |
| 040 ## - FUENTE DE LA CATALOGACIÓN | |
| Centro catalogador/agencia de origen | DO-SdBNP |
| Centro/agencia transcriptor | DLC |
| Centro/agencia modificador | DLC |
| 082 ## - NÚMERO DE LA CLASIFICACIÓN DECIMAL DEWEY | |
| Número de clasificación | 972.9750 |
| Número de documento/Ítem | I31r |
| 245 00 - MENCIÓN DE TÍTULO | |
| Título | Images de la Révolution aux Antilles : |
| Resto del título | catalogue de l'exposition organisee dans le cadre de la commemoration du bicentenaire de la Revolution. |
| 260 ## - PUBLICACIÓN, DISTRIBUCIÓN, ETC. | |
| Lugar de publicación, distribución, etc. | Basse-Terre, San Cristóbal : |
| Nombre del editor, distribuidor, etc. | Société d'histoire de la Guadeloupe, |
| Fecha de publicación, distribución, etc. | 1989. |
| 300 ## - DESCRIPCIÓN FÍSICA | |
| Extensión | [69] p. : |
| Otras características físicas | il. ; |
| Dimensiones | 24 cm. |
| 651 #4 - PUNTO DE ACCESO ADICIONAL DE MATERIA--NOMBRE GEOGRÁFICO | |
| Nombre geográfico | Antillas Francesas |
| 9 (RLIN) | 7545 |
| 651 #4 - PUNTO DE ACCESO ADICIONAL DE MATERIA--NOMBRE GEOGRÁFICO | |
| Nombre geográfico | Francia |
| Subdivisión general | Historia |
| Subdivisión cronológica | REVOLUCION, 1789 1799 |
| Subdivisión de forma | OBRAS ILUSTRADAS |
| 9 (RLIN) | 7546 |
| 710 1# - PUNTO DE ACCESO ADICIONAL--NOMBRE DE ENTIDAD CORPORATIVA | |
| Nombre de entidad corporativa o nombre de jurisdicción como elemento de entrada | Societe d'histoire de la Guadeloupe. |
| 9 (RLIN) | 7547 |
| 910 ## - DATOS DE OPCIÓN DEL USUARIO (OCLC) | |
| Datos de opción del usuario | Catalogación por copia / LC |
| Estado de retiro | Estado de pérdida | Restricciones de uso | No para préstamo | Código de colección | Localización permanente | Ubicación/localización actual | Ubicación en estantería | Fecha de adquisición | Número de inventario | Total de préstamos | Signatura topográfica completa | Código de barras | Fecha visto por última vez | Precio válido a partir de | Tipo de ítem Koha |
|---|---|---|---|---|---|---|---|---|---|---|---|---|---|---|---|
| Préstamo interno | Monografías: Libros y Folletos | General | General | En catalogación | 16.09.2009 | LF1 | 972.9750 I31r | 2372-10 | 25.06.2020 | 25.06.2020 | Préstamo interno |
